000 00548nam a22001457a 4500
003 OSt
005 20180208042436.0
008 180208b xxu||||| |||| 00| 0 eng d
100 _926246
_aEchaluce, Charina Clarisse L.
245 _aHIV cases in PH rising/
_cCharina Clarisse L. Echaluce.
260 _aPhilippines:
_bManila Bulletin,
_cc2017.
300 _apage 2.
650 0 _926247
_aAIDS/HIV.
942 _2ddc
_cPER
999 _c8490
_d8490